000 00475nam a2200169Ia 4500
008 191130s1957##################000#0#eng##
040 _aACL
_cACL
082 _a348.4204 BRI
245 _aThe all England law reports 1953
_cedited by G.F.L. Bridgman
260 _aLondon
_bButterworth & Co
_c1957
300 _a1024 p.; 23 cm.
650 _aLaw- Reports
700 _aBridgman, G. F. L
990 _a07c4f816ac10000c4a80cc5cd15974de
991 _a391064
999 _c300714
_d300714